|
|
|
|
| LEADER |
03717nam a2200877 i 4500 |
| 001 |
nkc20182971735 |
| 003 |
CZ PrNK |
| 005 |
20180409173613.0 |
| 007 |
ta |
| 008 |
180123s2017 xr acegf 001 0 cze |
| 015 |
|
|
|a cnb002971735
|
| 020 |
|
|
|a 978-80-86890-92-0
|q (vázáno)
|
| 035 |
|
|
|a (OCoLC)1035470136
|
| 040 |
|
|
|a BOA001
|b cze
|e rda
|
| 041 |
0 |
|
|a cze
|b eng
|
| 043 |
|
|
|a e-xr---
|b e-xr-pg
|2 czenas
|
| 045 |
|
|
|a r-r-
|
| 072 |
|
7 |
|a 930.85
|x Dějiny civilizace. Kulturní dějiny
|2 Konspekt
|9 8
|
| 080 |
|
|
|a 27-789.2-523.6-788-1/-9
|2 MRF
|
| 080 |
|
|
|a 726.71:27-789.2
|2 MRF
|
| 080 |
|
|
|a 27-789.2
|2 MRF
|
| 080 |
|
|
|a 271-528.8(=16)
|2 MRF
|
| 080 |
|
|
|a 27-23/-29
|2 MRF
|
| 080 |
|
|
|a 801.82
|2 MRF
|
| 080 |
|
|
|a 316.723:27
|2 MRF
|
| 080 |
|
|
|a 72/76.05
|2 MRF
|
| 080 |
|
|
|a 929.731
|2 MRF
|
| 080 |
|
|
|a 322
|2 MRF
|
| 080 |
|
|
|a 930.2
|2 MRF
|
| 080 |
|
|
|a 2-6+316.72/.75
|2 MRF
|
| 080 |
|
|
|a (437.311)
|2 MRF
|
| 080 |
|
|
|a (048.8:082)
|2 MRF
|
| 245 |
0 |
0 |
|a Karel IV. a Emauzy :
|b liturgie, text, obraz /
|c Kateřina Kubínová et al. (edd.)
|
| 250 |
|
|
|a Vydání první
|
| 264 |
|
1 |
|a Praha :
|b Artefactum,
|c 2017
|
| 300 |
|
|
|a 353 stran :
|b ilustrace (převážně barevné), portréty, plány, noty, faksimile ;
|c 26 cm
|
| 336 |
|
|
|a text
|b txt
|2 rdacontent
|
| 337 |
|
|
|a bez média
|b n
|2 rdamedia
|
| 338 |
|
|
|a svazek
|b nc
|2 rdacarrier
|
| 500 |
|
|
|a 500 výtisků
|
| 504 |
|
|
|a Obsahuje bibliografie, bibliografické odkazy a rejstřík
|
| 546 |
|
|
|a Anglická resumé
|
| 600 |
0 |
7 |
|a Karel
|b IV.,
|c český král a římský císař,
|d 1316-1378
|7 jk01053000
|2 czenas
|
| 600 |
0 |
9 |
|a Charles
|b IV.,
|c Holy Roman Emperor,
|d 1316-1378
|2 eczenas
|
| 610 |
2 |
7 |
|a Klášter na Slovanech-Emauzy
|7 ola2002113647
|2 czenas
|
| 648 |
|
7 |
|a 14. století
|7 ch460552
|2 czenas
|
| 650 |
0 |
7 |
|a benediktinské kláštery
|7 ph118806
|z Česko
|y 14. století
|2 czenas
|
| 650 |
0 |
7 |
|a benediktini
|7 ph114135
|z Česko
|y 14. století
|2 czenas
|
| 650 |
0 |
7 |
|a slovanská liturgie
|7 ph125648
|z Česko
|y 14. století
|2 czenas
|
| 650 |
0 |
7 |
|a křesťanská literatura
|7 ph122098
|z Česko
|y 14. století
|2 czenas
|
| 650 |
0 |
7 |
|a písemnictví
|7 ph381216
|z Česko
|y 14. století
|2 czenas
|
| 650 |
0 |
7 |
|a křesťanská kultura
|7 ph122097
|z Česko
|y 14. století
|2 czenas
|
| 650 |
0 |
7 |
|a umělecká výzdoba
|7 ph136757
|z Česko
|y 14. století
|2 czenas
|
| 650 |
0 |
7 |
|a panovníci
|7 ph117250
|z Česko
|y 14. století
|2 czenas
|
| 650 |
0 |
7 |
|a stát a církev
|7 ph116308
|z Česko
|y 14. století
|2 czenas
|
| 650 |
0 |
7 |
|a historické prameny
|7 ph114671
|z Česko
|y 14. století
|2 czenas
|
| 650 |
0 |
9 |
|a Benedictine monasteries
|z Czechia
|y 14th century
|2 eczenas
|
| 650 |
0 |
9 |
|a Benedictines
|z Czechia
|y 14th century
|2 eczenas
|
| 650 |
0 |
9 |
|a Slavic liturgy
|z Czechia
|y 14th century
|2 eczenas
|
| 650 |
0 |
9 |
|a Christian literature
|z Czechia
|y 14th century
|2 eczenas
|
| 650 |
0 |
9 |
|a literature
|z Czechia
|y 14th century
|2 eczenas
|
| 650 |
0 |
9 |
|a Christian culture
|z Czechia
|y 14th century
|2 eczenas
|
| 650 |
0 |
9 |
|a artistic decoration
|z Czechia
|y 14th century
|2 eczenas
|
| 650 |
0 |
9 |
|a kings and rulers
|z Czechia
|y 14th century
|2 eczenas
|
| 650 |
0 |
9 |
|a church and state
|z Czechia
|y 14th century
|2 eczenas
|
| 650 |
0 |
9 |
|a historical sources
|z Czechia
|y 14th century
|2 eczenas
|
| 651 |
|
7 |
|a Praha (Česko)
|7 ge118011
|x náboženské a kulturní poměry
|y 14. století
|2 czenas
|
| 651 |
|
9 |
|a Prague (Czechia)
|x religious and cultural conditions
|y 14th century
|2 eczenas
|
| 655 |
|
7 |
|a kolektivní monografie
|7 fd501537
|2 czenas
|
| 655 |
|
9 |
|a collective monographs
|2 eczenas
|
| 700 |
1 |
|
|a Kubínová, Kateřina,
|d 1975-
|7 jo2004220571
|4 edt
|
| 910 |
2 |
|
|a BOA001
|b 3-1402.669
|
| 990 |
|
|
|a BK
|
| 995 |
|
|
|a 01
|
| 991 |
|
|
|b 201802
|c NOV
|
| 996 |
6 |
|
|b 2610732282
|c 3-1402.669
|l MZK
|r Sklad / do 1 hodiny
|n 2
|p p.v.
|w 001649556
|u 000010
|a 1
|e BOA001
|j MZK50
|s P
|